000 00623nam a2200229Ia 4500
005 20260115174018.0
008 008 260114s9999 xx 000 0 eng d
020 _a9781009338288
037 _aEBOOK
040 _aCRL
_beng
_cCRL
041 _aeng
_2eng
084 _qCRL
100 _aCraig
_9894984
245 4 _aThe Collaborative Congress
260 _bCambridge University Press
260 _bCambridge University Press
260 _c2023
650 _aPolitics and International Relations
_9894985
856 _uhttps://doi.org/10.1017/9781009338288
942 _cEBOOK
999 _c1489195
_d1489195